Meilleur Joueur du Monde World Rugby - Très difficile - Statistiques

Statistiques générales
  • Ce quiz a été pris 7 fois
  • Le résultat moyen est 18 sur 24
Statistiques - réponses
Année Joueur % Correct
2021 Antoine Dupont
100%
2012 Dan Carter
100%
2003 Jonny Wilkinson
100%
2010 Richie McCaw
100%
2015 Dan Carter
86%
2002 Fabien Galthié
86%
2019 Pieter Steph du Toit
86%
2024 Pieter Steph du Toit
86%
2009 Richie McCaw
86%
2011 Thierry Dusautoir
86%
2023 Ardie Savea
71%
2017 Beauden Barrett
71%
2007 Bryan Habana
71%
2022 Josh van der Flier
71%
2025 Malcolm Marx
71%
2006 Richie McCaw
71%
2008 Shane Williams
71%
2016 Beauden Barrett
57%
2014 Brodie Retallick
57%
2005 Dan Carter
57%
2018 Jonathan Sexton
57%
2001 Keith Wood
57%
2013 Kieran Read
57%
2004 Schalk Burger
43%
Aucun quiz correspondant
Distribution des résultats
% des personnes avec chaque résultat
Percentile par nombre de réponses
Votre historique - résultats
Vous n’avez pas pris ce quiz